Test de rapidité - AZERTY le plus de fois possible en 15 sec - Statistiques

Statistiques générales
  • Ce quiz a été pris 1 642 fois
  • Le résultat moyen est 22 sur 182
Statistiques - réponses
Lettre % Correct
A
100%
Z
98%
E
97%
R
96%
T
94%
Y
91%
U
49%
I
46%
O
43%
P
41%
Q
35%
S
35%
D
34%
F
33%
G
33%
H
32%
J
31%
K
31%
L
30%
M
30%
W
29%
B
27%
C
27%
V
27%
X
27%
N
26%
A
24%
Z
24%
E
23%
R
23%
T
22%
Y
22%
I
21%
U
21%
O
20%
P
20%
D
19%
F
19%
Q
19%
S
19%
G
18%
H
18%
J
17%
K
16%
L
16%
M
15%
W
14%
X
14%
B
13%
C
13%
N
13%
V
13%
A
12%
Z
12%
E
11%
R
11%
T
11%
U
11%
Y
11%
I
10%
O
10%
P
10%
Q
10%
S
10%
D
9%
F
9%
G
9%
H
9%
J
9%
K
9%
L
9%
B
8%
C
8%
M
8%
N
8%
V
8%
W
8%
X
8%
A
7%
E
7%
I
7%
O
7%
R
7%
T
7%
U
7%
Y
7%
Z
7%
P
6%
Q
6%
D
5%
F
5%
G
5%
H
5%
J
5%
K
5%
L
5%
M
5%
S
5%
B
4%
C
4%
N
4%
V
4%
W
4%
X
4%
A
3%
D
3%
E
3%
I
3%
O
3%
P
3%
Q
3%
R
3%
S
3%
T
3%
U
3%
Y
3%
Z
3%
F
2%
G
2%
H
2%
J
2%
K
2%
L
2%
M
2%
A
1%
B
1%
C
1%
D
1%
E
1%
F
1%
G
1%
H
1%
I
1%
J
1%
K
1%
L
1%
N
1%
O
1%
P
1%
Q
1%
R
1%
S
1%
T
1%
U
1%
V
1%
W
1%
X
1%
Y
1%
Z
1%
A
0%
B
0%
B
0%
C
0%
C
0%
D
0%
E
0%
F
0%
G
0%
H
0%
I
0%
J
0%
K
0%
L
0%
M
0%
M
0%
N
0%
N
0%
O
0%
P
0%
Q
0%
R
0%
S
0%
T
0%
U
0%
V
0%
V
0%
W
0%
W
0%
X
0%
X
0%
Y
0%
Z
0%
Aucun quiz correspondant
Distribution des résultats
% des personnes avec chaque résultat
Percentile par nombre de réponses
Votre historique - résultats
Vous n’avez pas pris ce quiz